[Event "IECC Swiss email"]
[Site "IECC email"]
[Date "1999.08.07"]
[Round "?"]
[White "Humen, John F"]
[Black "Karakus, Koksal"]
[Result "1/2-1/2"]
[WhiteElo "1721"]
[BlackElo "2051"]
[PlyCount "93"]
[EventDate "1999.??.??"]
[EventType "tourn (corr)"]
[EventRounds "6"]
[SourceTitle "Corr 2008"]
[Source "ChessBase"]
[SourceDate "2008.06.24"]
[SourceVersion "1"]
[SourceVersionDate "2008.06.24"]
[SourceQuality "1"]

1. d4 Nf6 2. c4 g6 3. Nc3 d5 4. Nf3 Bg7 5. Qb3 dxc4 6. Qxc4 0-0 7. e4 a6 8. Qb3 c5 9. dxc5 Nbd7 10. Qb4 Qc7 11. Be3 Ng4 12. Bd4 Bxd4 13. Qxd4 Qxc5 14. Be2 b5 15. 0-0 Rd8 16. Rac1 Bb7 17. b4 Qxd4 18. Nxd4 Ngf6 19. f3 Rac8 20. a4 Nb6 21. Ndxb5 axb5 22. Bxb5 Rd4 23. Na2 Rd2 24. Rf2 Rxc1+ 25. Nxc1 Rd1+ 26. Rf1 Rd4 27. Na2 Nfd7 28. Rc1 Na8 29. Bf1 f5 30. exf5 gxf5 31. a5 Kf7 32. b5 e5 33. a6 Bd5 34. Nc3 Ke6 35. Nxd5 Kxd5 36. Rc6 h5 37. g3 e4 38. fxe4+ fxe4 39. Be2 Ra4 40. Bxh5 Ra1+ 41. Kg2 Ra2+ 42. Kh3 Ne5 43. Rf6 Nc7 44. b6 Nxa6 45. b7 Nb8 46. Rf8 Nbd7 47. Bf7+ 1/2-1/2

[Event "IECC Swiss email"]
[Site "IECC email"]
[Date "1999.07.19"]
[Round "?"]
[White "Karakus, Koksal"]
[Black "Fedorko, Andrew"]
[Result "1-0"]
[WhiteElo "2044"]
[BlackElo "2069"]
[PlyCount "57"]
[EventDate "1999.??.??"]
[EventType "tourn (corr)"]
[EventRounds "6"]
[SourceTitle "Corr 2008"]
[Source "ChessBase"]
[SourceDate "2008.06.24"]
[SourceVersion "1"]
[SourceVersionDate "2008.06.24"]
[SourceQuality "1"]

1. e4 Nc6 2. Nf3 d5 3. exd5 Qxd5 4. Nc3 Qa5 5. d4 Bg4 6. Bb5 0-0-0 7. Bxc6 bxc6 8. h3 Qh5 9. Qe2 Bxf3 10. gxf3 e6 11. Bd2 Kb8 12. 0-0-0 Nf6 13. Qa6 Qxf3 14. Be3 Nd7 15. Rhg1 Nb6 16. Rg5 f5 17. Rg3 Qh5 18. Rdg1 Qf7 19. Na4 e5 20. Nc5 Bxc5 21. dxc5 Qc4 22. Qa5 Qa4 23. Qxa4 Nxa4 24. Rxg7 f4 25. Bd2 Nxc5 26. Bc3 Ne6 27. Re7 Rde8 28. Rxe8+ Rxe8 29. Bxe5 1-0

[Event "IECC TH-M email"]
[Site "IECC email"]
[Date "1999.05.28"]
[Round "?"]
[White "Karakus, Koksal"]
[Black "Bilsel, Sabahaddin"]
[Result "1/2-1/2"]
[WhiteElo "2053"]
[BlackElo "1951"]
[PlyCount "100"]
[EventDate "1999.??.??"]
[EventType "match (corr)"]
[EventRounds "2"]
[SourceTitle "Corr 2008"]
[Source "ChessBase"]
[SourceDate "2008.06.24"]
[SourceVersion "1"]
[SourceVersionDate "2008.06.24"]
[SourceQuality "1"]

1. e4 c5 2. Nf3 d6 3. d4 cxd4 4. Nxd4 Nf6 5. Nc3 g6 6. Be3 Bg7 7. f3 Nc6 8. Qd2 0-0 9. g4 Be6 10. 0-0-0 Nxd4 11. Bxd4 Qa5 12. a3 Rfc8 13. h4 Rab8 14. h5 b5 15. hxg6 fxg6 16. g5 Nh5 17. Bxg7 Kxg7 18. Qd4+ Kg8 19. Nd5 Rb7 20. Kb1 Rf8 21. Rh4 Rxf3 22. Be2 Rf7 23. Bxh5 gxh5 24. Rdh1 Qa4 25. Qg1 Rg7 26. e5 Qa6 27. Qd4 Qc6 28. Ne3 Rxg5 29. Rxh5 Rxh5 30. Rxh5 Bf7 31. Qg4+ Bg6 32. Qe6+ Kf8 33. exd6 exd6 34. Qf6+ Rf7 35. Qh8+ Ke7 36. Rh2 Kd7 37. Rd2 Re7 38. Qd4 Kc8 39. Qf4 Re4 40. Qf3 Kb7 41. Qg3 Re5 42. Rh2 Qc5 43. Nd1 b4 44. axb4 Qxb4 45. Nc3 Qd4 46. Qg2+ d5 47. Rh1 Rf5 48. Rf1 Rxf1+ 49. Qxf1 Qc5 50. Qf3 Kc6 1/2-1/2

[Event "IECC TH-M email"]
[Site "IECC email"]
[Date "1999.05.27"]
[Round "?"]
[White "Karakus, Koksal"]
[Black "Jobe, Tom B"]
[Result "1-0"]
[WhiteElo "2073"]
[BlackElo "1704"]
[PlyCount "43"]
[EventDate "1999.??.??"]
[EventType "match (corr)"]
[EventRounds "2"]
[SourceTitle "Corr 2008"]
[Source "ChessBase"]
[SourceDate "2008.06.24"]
[SourceVersion "1"]
[SourceVersionDate "2008.06.24"]
[SourceQuality "1"]

1. e4 c5 2. Nf3 d6 3. d4 cxd4 4. Nxd4 Nf6 5. Nc3 g6 6. Be3 Bg7 7. f3 0-0 8. Qd2 Nc6 9. Bc4 Bd7 10. 0-0-0 Rc8 11. Bb3 Ne5 12. h4 h5 13. Bg5 Rc5 14. Kb1 b5 15. g4 hxg4 16. h5 Rxc3 17. bxc3 Nxf3 18. Qe3 Nxg5 19. Qxg5 Nxe4 20. Qe3 Bf5 21. Bd5 Nf6 22. Nc6 1-0

[Event "IECC Swiss email"]
[Site "IECC email"]
[Date "1999.04.16"]
[Round "?"]
[White "Karakus, Koksal"]
[Black "Cornacchini, Gabriele"]
[Result "1-0"]
[WhiteElo "2056"]
[BlackElo "1656"]
[PlyCount "61"]
[EventDate "1999.??.??"]
[EventType "tourn (corr)"]
[EventRounds "6"]
[SourceTitle "Corr 2008"]
[Source "ChessBase"]
[SourceDate "2008.06.24"]
[SourceVersion "1"]
[SourceVersionDate "2008.06.24"]
[SourceQuality "1"]

1. e4 c6 2. d4 d5 3. e5 Bf5 4. h4 h6 5. Bd3 Bxd3 6. Qxd3 e6 7. Nf3 Nd7 8. c3 Rc8 9. Nbd2 a6 10. b4 b5 11. Nb3 Nb6 12. h5 Nc4 13. 0-0 a5 14. Nc5 Bxc5 15. bxc5 a4 16. Nd2 Nxd2 17. Bxd2 Ne7 18. Rab1 0-0 19. g4 Rb8 20. Qg3 Kh8 21. f4 Rg8 22. Rf2 Qc7 23. Kh1 Qa7 24. Rg1 Qa5 25. Qf3 a3 26. Qe3 Qa4 27. f5 exf5 28. gxf5 Qc2 29. f6 Nf5 30. Qf4 g6 31. e6 1-0

[Event "IECC M email"]
[Site "IECC email"]
[Date "1999.04.16"]
[Round "?"]
[White "Karakus, Koksal"]
[Black "Naeter, Burkhard"]
[Result "0-1"]
[WhiteElo "2100"]
[BlackElo "1975"]
[PlyCount "68"]
[EventDate "1999.??.??"]
[EventType "tourn (corr)"]
[EventRounds "6"]
[SourceTitle "Corr 2008"]
[Source "ChessBase"]
[SourceDate "2008.06.24"]
[SourceVersion "1"]
[SourceVersionDate "2008.06.24"]
[SourceQuality "1"]

1. e4 e5 2. Nf3 Nc6 3. Bb5 a6 4. Ba4 Nf6 5. 0-0 Be7 6. Re1 b5 7. Bb3 d6 8. c3 0-0 9. h3 Bb7 10. d4 Rc8 11. Nbd2 exd4 12. cxd4 Nb4 13. a3 Nd3 14. Re3 Nxc1 15. Rxc1 c5 16. d5 Nd7 17. Nf1 f5 18. exf5 Nb6 19. Bc2 Bxd5 20. Be4 Bxe4 21. Rxe4 d5 22. Re2 Rxf5 23. Qd3 Rf8 24. Rce1 Bf6 25. N1h2 c4 26. Qd1 c3 27. b3 Qd6 28. b4 d4 29. Re6 Qd8 30. Ng4 d3 31. Nxf6+ gxf6 32. Re7 c2 33. Qc1 Nd5 34. R7e4 Nc3 0-1

[Event "IECC M email"]
[Site "IECC email"]
[Date "1999.04.16"]
[Round "?"]
[White "Naeter, Burkhard"]
[Black "Karakus, Koksal"]
[Result "1-0"]
[WhiteElo "1997"]
[BlackElo "2075"]
[PlyCount "81"]
[EventDate "1999.??.??"]
[EventType "tourn (corr)"]
[EventRounds "6"]
[SourceTitle "Corr 2008"]
[Source "ChessBase"]
[SourceDate "2008.06.24"]
[SourceVersion "1"]
[SourceVersionDate "2008.06.24"]
[SourceQuality "1"]

1. e4 c5 2. Nc3 Nc6 3. f4 g6 4. Nf3 Bg7 5. Bc4 e6 6. a3 Nge7 7. Ba2 0-0 8. 0-0 d5 9. d3 b6 10. e5 Bb7 11. Ne2 d4 12. Ng3 Nb8 13. Ng5 Bc6 14. N5e4 Nd5 15. Nd6 Nd7 16. Qg4 Qe7 17. Re1 h5 18. Qh3 Rad8 19. Nge4 Nc7 20. c3 dxc3 21. bxc3 Bd5 22. Qg3 a6 23. c4 Bxe4 24. Nxe4 Rb8 25. Be3 Rfd8 26. Rab1 Bf8 27. f5 exf5 28. Bg5 Qe6 29. Bxd8 Rxd8 30. Ng5 Qe8 31. Bb3 Bh6 32. Ba4 Ne6 33. Nxe6 Qxe6 34. Qh4 Rb8 35. Bxd7 Qxd7 36. e6 Qc7 37. Qf6 Bd2 38. exf7+ Qxf7 39. Re6 Qxf6 40. Rxf6 Kg7 41. Rbxb6 1-0